| 000 | 00317nam a2200121Ia 4500 | ||
|---|---|---|---|
| 008 | 230907s9999||||xx |||||||||||||| ||und|| | ||
| 082 |
_a621.3819582 _bOPP |
||
| 100 |
_aOppenheim, Alan V., _969572 |
||
| 245 | 0 | _aDigital signal processing / | |
| 260 |
_aPearson, _bNoida : _c2018 |
||
| 300 | _axiv, 585 p. | ||
| 942 | _cBK | ||
| 999 |
_c599965 _d599965 |
||